Normal view
MARC view
Entry Personal Name
001 - CONTROL NUMBER
- control field: 4840
003 - CONTROL NUMBER IDENTIFIER
- control field: OSt
005 - DATE AND TIME OF LATEST TRANSACTION
- control field: 20230925105617.0
008 - FIXED-LENGTH DATA ELEMENTS
- fixed length control field: 230925|| aca||aabn | a|a d
040 ## - CATALOGING SOURCE
- Original cataloging agency: OSt
- Transcribing agency: OSt
100 ## - HEADING--PERSONAL NAME
- Personal name: Jinder
670 ## - SOURCE DATA FOUND
- Source citation: Work cat.: (OSt)27211: Jinder, 1947 Alle Zakhman Di Dastan


